BIBLIOTECA

SENCICO

Benchmarking (Registro nro. 1508)

Detalles MARC
000 -LEADER
fixed length control field 00767nam a2200229Ia 4500
005 - DATE AND TIME OF LATEST TRANSACTION
control field 20251020182513.0
008 - FIXED-LENGTH DATA ELEMENTS--GENERAL INFORMATION
fixed length control field 200515s9999 xx 000 0 und d
020 ## - INTERNATIONAL STANDARD BOOK NUMBER
International Standard Book Number 958-04-2746-1
082 ## - DEWEY DECIMAL CLASSIFICATION NUMBER
Classification number 658.008/S74
100 ## - MAIN ENTRY--PERSONAL NAME
Personal name Spendolini, Michael J.
245 #0 - TITLE STATEMENT
Title Benchmarking
260 ## - PUBLICATION, DISTRIBUTION, ETC.
Place of publication, distribution, etc. Santafé de Bogotá, D.C.
260 ## - PUBLICATION, DISTRIBUTION, ETC.
Date of publication, distribution, etc. 1994
300 ## - PHYSICAL DESCRIPTION
Extent 245 p.
500 ## - GENERAL NOTE
General note 1 ejemplar
520 ## - SUMMARY, ETC.
Summary, etc. Simplifica todo el proceso de Benchmarking al presentarse una destilación de como funcionan lo mejores programas que han usado este sistema en los Estados Unidos. Investigo los procesos, los errores y los descubrimientos de varios practicantes exitosos
650 ## - SUBJECT ADDED ENTRY--TOPICAL TERM
Topical term or geographic name entry element BENCHMARKING
650 ## - SUBJECT ADDED ENTRY--TOPICAL TERM
Topical term or geographic name entry element LIB
650 ## - SUBJECT ADDED ENTRY--TOPICAL TERM
Topical term or geographic name entry element RECURSOS HUMANOS
942 ## - ADDED ENTRY ELEMENTS (KOHA)
Koha item type Libros
Existencias
Fecha de la última vez que lo usaron Pago total Signatura topográfica completa Código de barras Precio efectivo desde Tipo de documento Estado perdido Estado dañado No es para préstamo Retirado Ubicación permanente Ubicación actual Fecha de adquisición
15/05/2020   658.008/S74 Bib-Lima15051508 15/05/2020 Libros         Biblioteca Central Lima Biblioteca Central Lima 15/05/2020